Churchill roosevelt and India: propaganda during world war II (Record no. 161671)

MARC details
000 -LEADER
fixed length control field 00663nam a2200229Ia 4500
003 - CONTROL NUMBER IDENTIFIER
control field OSt
005 - DATE AND TIME OF LATEST TRANSACTION
control field 20230425160313.0
008 - FIXED-LENGTH DATA ELEMENTS--GENERAL INFORMATION
fixed length control field 210423s2008 xx 000 0 und d
020 ## - INTERNATIONAL STANDARD BOOK NUMBER
International Standard Book Number 8189643029
040 ## - CATALOGING SOURCE
Transcribing agency AL
041 ## - LANGUAGE CODE
Language code of text/sound track or separate title eng
082 ## - DEWEY DECIMAL CLASSIFICATION NUMBER
Classification number 327.54042 WEIC
Edition number 23
100 ## - MAIN ENTRY--PERSONAL NAME
Personal name WEIGOLD (Auriol)
9 (RLIN) 92982
245 ## - TITLE STATEMENT
Title Churchill roosevelt and India: propaganda during world war II
260 ## - PUBLICATION, DISTRIBUTION, ETC.
Place of publication, distribution, etc. New Delhi
Name of publisher, distributor, etc. Routledge
Date of publication, distribution, etc. 2008
300 ## - PHYSICAL DESCRIPTION
Extent x,210
Other physical details PB
365 ## - TRADE PRICE
Price amount 695
Currency code INR
650 ## - SUBJECT ADDED ENTRY--TOPICAL TERM
Topical term or geographic name entry element International Relations
9 (RLIN) 92983
650 ## - SUBJECT ADDED ENTRY--TOPICAL TERM
Topical term or geographic name entry element Political Science
9 (RLIN) 92984
906 ## - LOCAL DATA ELEMENT F, LDF (RLIN)
a Churchill ; during ; India: ; propaganda ; roosevelt ; war ; world
942 ## - ADDED ENTRY ELEMENTS (KOHA)
Source of classification or shelving scheme Dewey Decimal Classification
Koha item type Book
Holdings
Withdrawn status Lost status Damaged status Not for loan Collection code Home library Current library Date acquired Source of acquisition Cost, normal purchase price Total Checkouts Full call number Barcode Date last seen Price effective from Koha item type
        MAJMC St Aloysius PG Library St Aloysius PG Library 10/30/2013 Athulya Books 695.00   327.54042 WEIC PG008163 08/24/2022 04/26/2021 Book